000 00665nam a2200229Ia 4500
001 16035
003 GE_BSU
008 181216s||||||||xx |||||||||||||| ||und||
040 _cGE_BSU
080 _a821.353.1-1
100 _aჯინჭარაძე, სულიკო
245 _aგულისთქმა
245 _bლექსები
245 _cწინასიტყვ. მამია ვარშანიძის
260 _aბათუმი
260 _bალიონი
260 _c2003
300 _a116გვ. ; 20სმ.
653 _aგულისთქმა
653 _aლექსები
942 _cBK
999 _c49125
_d49125